'O'-Less Presidents Quiz Stats

 Plays Quiz Updated Jan 20, 2017

Challenge
Share
Tweet
Embed
Score 0/21 Timer 02:00
7 Plays Today
% Correct
George W. Bush
95.5%
George H.W. Bush
95.5%
John Adams
90.1%
John Quincy Adams
90%
Donald Trump
84.3%
John F. Kennedy
83.1%
Ronald Reagan
80.9%
Jimmy Carter
80.7%
William Howard Taft
72.7%
Ulysses S. Grant
67.1%
Harry S Truman
64.5%
% Correct
John Tyler
61.2%
Grover Cleveland
57.2%
William McKinley
55.9%
Martin Van Buren
55.2%
Franklin Pierce
52.1%
James Garfield
51.8%
James Buchanan
48.7%
Warren G. Harding
47.2%
Rutherford B. Hayes
45%
Chester A. Arthur
45%

You're not logged in!

Compare scores with friends on all Sporcle quizzes.
Join for Free
OR
Log In

You Might Also Like...

Show Comments

Extras

Top Quizzes Today


Score Distribution

Your Account Isn't Verified!

In order to create a playlist on Sporcle, you need to verify the email address you used during registration. Go to your Sporcle Settings to finish the process.

Report this User

Report this user for behavior that violates our Community Guidelines.

Details: